000 00650 a2200193 4500
001 54685
005 20260407155821.0
008 260407a1980 arg spa d
003 AR-UNSa-BCEJYS
040 _aAR-UNSa-BCEJYS
_bspa
_cAR-UNSa-BCEJYS
080 _a331
_xTrabajo. Empleo. Organización del trabajo
245 1 0 _aPatria sindical versus patria socialista
264 1 _aBuenos Aires :
_bDepalma
_c1980
300 _a113 p.
_c20 cm.
505 _aI. "Patria sindicalista" versus "Patria socialista" - II. Vientos de violencia - III. Tiempo de derrota
942 _cBK
590 _aniveau_biblio:m niveau_hierar:0
100 1 _aGarcía, Roberto
999 _c5711
_d5711